Polynesian Languages - Sudden Death - Statistics

General Stats
  • This quiz has been taken 98 times
    97 since last reset
  • The average score is 11 of 22
Answers on the Grid
Answers color-coded by a green-red scale on the quiz's grid according to % correct below.
English
Romanian
Pirahã
Arabic
Papiamento
Tuvan
Mohawk
Balinese
Akan
Bambara
Venetian
Catalan
Thai
Pileni
Tahitian
Niuean
Takuu
Sikaiana
Tokelauan
Wallisian
Mangareva
Tongan
Samoan
Nukuria
Rennellese
Hawaiian
Kapingamarangi
Nukuoro
Rapa Nui
Māori
Futunan
Tuvaluan
Austral
Uvean
Pukapukan
 
Answer Stats
Answer % Correct
Native to Hawaii, United States Hawaiian
73%
Native to North Island, New Zealand Māori
71%
Native to Samoa Samoan
71%
Native to Tahiti, French Polynesia Tahitian
66%
Native to Tonga Tongan
66%
Native to Niue, New Zealand Niuean
61%
Native to Tokelau, New Zealand Tokelauan
61%
Native to Tuvalu Tuvaluan
61%
Native to Rapa Nui, Chile Rapa Nui
59%
Native to Futuna Island, Wallis and Futuna Futunan
46%
Native to Nukuoro, Micronesia Nukuoro
45%
Native to Pukapuka Atoll, Cook Islands Pukapukan
45%
Native to Takuu, Papua New Guinea Takuu
39%
Native to Wallis, France Wallisian
39%
Native to Nuguria, Papua New Guinea Nukuria
38%
Native to Kapingamarangi, Micronesia Kapingamarangi
34%
Native to Gambier Islands, French Polynesia Mangareva
34%
Native to Sikaiana, Solomon Islands Sikaiana
32%
Native to Uvea Island, Wallis and Futuna Uvean
32%
Native to Reef Islands, Solomon Islands Pileni
30%
Native to Austral Islands, French Polynesia Austral
29%
Native to Rennell and Bellona, Solomon Islands Rennellese
23%
No matching quizzes found
Score Distribution
Percent of People with Each Score
Percentile by Number Answered
Your Score History
You have not taken this quiz since the last reset